000 00650nam a2200205Ii 4500
003 JO-AjNU
008 230605s9999||||xx |||||||||||||| ||und||
040 _aJO-AjNU
_bara
_erda
_cJO-AjNU
041 _aara
050 1 4 _aPJ6075.Z3 1982
100 3 _aتاليف زيدان، جرجي,
_eauthor
_939785
245 0 0 _aاللغة العربية كائن حي
250 _aط1
264 3 1 _aبيروت: دار الجيل،1982
300 _a95ص
336 _atext
_btxt
_2rdacontent
337 _aunmediated
_bn
_2rdamedia
338 _avolume
_bnc
_2rdacarrier
650 4 _aاللغة العربية-اللغة العربية كائن حي
_939786
999 _aA16832
_c20400
_d20400